00921 2200229 4500001002100000005001700021008004100038035002500079040001200104082001500116084002000131100001900151245018700170260006200357300003100419500013300450504002900583650003500612700001400647850001200661990001800673INLIS00000000000873720150804092225.0  a0010-081500000000175 aYOPDYOG 223a530.07 aSK 530.07 Hud I aHUDAN Nashihin aImplementasi metode berprograma, penemuan dan ceramah terhadap prestasi belajar pada mata pelajaran fisikab: Studi kasus pada siswa kelas 1 SMU I Temon Kulon Progoc/ Hudan Nashihin aYogyakartabUniversitas Islam Negeri Sunan Kalijagac2005 axii, 47 lembarc; 29,5 cm. aSkripsi Program Studi Pendidikan Fisika Jurusan Tadris MIPA Fakultas Tarbiyah Universitas Islam Negeri Sunan Kalijaga Yogyakarta aBibliografi : hlm. 46-47 aFisika -- Studi dan Pengajaran aSUPARWOTO aYOPDYOG a47127-PD/A.15